Cities of Antiquity - History Picture Quiz - Statistics

General Stats
  • This quiz has been taken 564 times
    468 since last reset
  • The average score is 9 of 15
Answer Stats
Picture Answer % Correct
Rome
99%
Athens
93%
Alexandria
86%
Babylon
86%
Sparta
81%
Pompeii
73%
Constantinople
70%
Jerusalem
68%
Thebes
51%
Carthage
48%
Sodom
35%
Persepolis
32%
Mycenae
30%
Syracuse
29%
Knossos
27%
No matching quizzes found
Score Distribution
Percent of People with Each Score
Percentile by Number Answered
Your Score History
You have not taken this quiz since the last reset